Top 15 Biggest Countries by Population in North America - Statistics

General Stats
  • This quiz has been taken 69 times
    23 since last reset
  • The average score is 13 of 15
Answer Stats
Population Answer Rank % Correct
39 Million Canada 38th
95%
11 Million Cuba 85th
95%
129 Million Mexico 10th
95%
341 Million United States 3rd
95%
5 Million Costa Rica 124th
89%
11 Million Dominican Republic 84th
89%
11 Million Haiti 81st
89%
10 Million Honduras 88th
89%
7 Million Nicaragua 106th
89%
4 Million Panama 128th
89%
6 Million El Salvador 112nd
84%
18 Million Guatemala 70th
84%
2 Million Jamaica 139th
84%
400 Thousand Belize 178th
79%
1 Million Trinidad and Tobago 153rd
79%
No matching quizzes found
Score Distribution
Percent of People with Each Score
Percentile by Number Answered
Your Score History
You have not taken this quiz since the last reset